Asia countries - Statistics

General Stats
  • This quiz has been taken 8 times
  • The average score is 40 of 49
Answer Stats
Population (2024) Countries % Correct
42 647 492 Afghanistan
100%
173 562 364 Bangladesh
100%
1 419 321 278 China
100%
1 450 935 791 India
100%
283 487 931 Indonesia
100%
91 567 738 Iran
100%
46 042 015 Iraq
100%
123 753 041 Japan
100%
26 498 823 North Korea
100%
115 843 670 Philippines
100%
51 717 590 South Korea
100%
2 973 840 Armenia
86%
10 336 577 Azerbaijan
86%
3 807 670 Georgia
86%
9 387 021 Israel
86%
20 592 571 Kazakhstan
86%
7 186 009 Kyrgyzstan
86%
5 805 962 Lebanon
86%
35 557 673 Malaysia
86%
3 475 540 Mongolia
86%
54 500 091 Myanmar
86%
29 651 054 Nepal
86%
5 281 538 Oman
86%
251 269 164 Pakistan
86%
33 962 757 Saudi Arabia
86%
5 832 387 Singapore
86%
23 103 565 Sri Lanka
86%
24 672 760 Syria
86%
10 590 927 Tajikistan
86%
71 668 011 Thailand
86%
1 400 638 Timor-Leste
86%
7 494 498 Turkmenistan
86%
36 361 859 Uzbekistan
86%
40 583 164 Yemen
86%
1 607 049 Bahrain
71%
791 524 Bhutan
71%
462 721 Brunei
71%
1 358 282 Cyprus
71%
11 552 876 Jordan
71%
4 934 507 Kuwait
71%
7 769 819 Laos
71%
527 799 Maldives
71%
3 048 423 Qatar
71%
23 213 962 Taiwan
71%
11 027 129 United Arab Emirates
71%
100 987 686 Vietnam
71%
17 638 801 Cambodia
57%
87 473 805 Türkiye
14%
5 495 443 State of Palestine
0%
No matching quizzes found
Score Distribution
Percent of People with Each Score
Percentile by Number Answered
Your Score History
You have not taken this quiz